000 00430nam a2200145 a 4500
001 000034827
005 20200930073928.0
008 111020s1990 pr r 000 0 spa d
040 _aDO-SdBNP
_bspa
_cBNPHU
082 _axxxx
_bN841m
100 1 _aNoriega, Carlos
_960347
245 1 0 _aMusgos de soledad y silencio :
_b(Poemario) /
_cCarlos Noriega.
260 _aSan Juan, Puerto Rico :
_b[s.n.],
_c1990.
300 _a137 p. ;
_c23 cm.
999 _c34318
_d34318